Filozofický časopis

Enregistré dans:
Détails bibliographiques
Format: Publication en série
Langue:tchèque
Publié: Praha Academia 1974
Tags: Ajouter un tag
Pas de tags, Soyez le premier à ajouter un tag!

MARC

LEADER 00000nas2a22000001 4500
001 0010949
005 20250916135322.4
041 0 |a cze 
044 |a CZ 
245 1 0 |a Filozofický časopis 
264 1 |a Praha  |b Academia  |c 1974 
300 |a 1 zv. 
773 0 |w eu_un_cat*s120690